000 00334nam a22001217a 4500
040 _cHS
082 _a632
100 _aគួយ សុផល
245 _a Weed science វិទ្យាសាស្ត្ររុក្ខជាតិចង្រៃ
260 _aRUA
_bគួយ សុផល
_c1997
300 _a47p;
942 _cKB
999 _c9514
_d9514